00798 2200301 4500001002100000005001500021020002200036035002400058040001200082082001700094084001700111090001700128100001300145245005900158250001000217260003500227300004200262504003000304650003300334700001900367850001200386990001600398990001600414990001600430990001700446990001700463990001600480YOGYA00000000010005420140823125010 a978-602-8545-65-5 0010-111300000000166 aYOPDYOG 2[22]a371.36 a371.36 Dar M a371.36 Dar M aDARYANTO aModel pembelajaran inovatif/cDaryanto, Mulyo Raharjo. aCet.1 aYogyakarta:bGava Media,c2012 ax, 225 hlm.:bilus.;c23 cm. (3 eks.) aBibliografi : hlm 252-255 aMetode Pembelajaran Tertentu aMulyo Raharjo. aYOPDYOG a2785/B.2013 a2786/B.2013 a2787/B.2013 a2786-PD/B.13 a2785-PD/B.13 a2787/B.2013